00235nam a2200097Ia 4500008004100000100001800041245003100059260003000090260000900120300000800129170620s9999 xx 000 0 und d aMathur- S. S. 0aShiksha Manovigyan (Hindi) bAgra- Vinod Pustak Mandir c2001 a697